Detalles MARC
| 000 -LEADER |
| fixed length control field |
01939nam a2200469Ii 4500 |
| 001 - CONTROL NUMBER |
| control field |
DIGSCR0082 |
| 003 - CONTROL NUMBER IDENTIFIER |
| control field |
NyNyDIG |
| 006 - FIXED-LENGTH DATA ELEMENTS--ADDITIONAL MATERIAL CHARACTERISTICS |
| fixed length control field |
m o d |
| 007 - PHYSICAL DESCRIPTION FIXED FIELD--GENERAL INFORMATION |
| fixed length control field |
cr ||||||||||| |
| 008 - FIXED-LENGTH DATA ELEMENTS--GENERAL INFORMATION |
| fixed length control field |
100625s1992 mdu ob 001 0 eng d |
| 020 ## - INTERNATIONAL STANDARD BOOK NUMBER |
| Canceled/invalid ISBN |
0916379965 |
| 020 ## - INTERNATIONAL STANDARD BOOK NUMBER |
| Canceled/invalid ISBN |
9780916379964 |
| 035 ## - SYSTEM CONTROL NUMBER |
| System control number |
(OCoLC)624449630 |
| 040 ## - CATALOGING SOURCE |
| Original cataloging agency |
DGITA |
| Language of cataloging |
eng |
| Description conventions |
pn |
| Transcribing agency |
DGITA |
| 041 0# - LANGUAGE CODE |
| Language code of text/sound track or separate title |
englatspa |
| 050 14 - LIBRARY OF CONGRESS CALL NUMBER |
| Classification number |
PQ6357.C53 eBook |
| 100 1# - MAIN ENTRY--PERSONAL NAME |
| Personal name |
Hahn, Juergen, |
| Dates associated with a name |
1942- |
| 245 10 - TITLE STATEMENT |
| Title |
Miracles, duels, and Cide Hamete's moorish dissent / |
| Statement of responsibility, etc. |
Juergen Hahn |
| 264 #1 - PRODUCTION, PUBLICATION, DISTRIBUTION, MANUFACTURE, AND COPYRIGHT NOTICE |
| Place of production, publication, distribution, manufacture |
Potomac, Md., U.S.A. : |
| Name of producer, publisher, distributor, manufacturer |
Scripta Humanistica, |
| Date of production, publication, distribution, manufacture, or copyright notice |
1992. |
| 300 ## - PHYSICAL DESCRIPTION |
| Extent |
1 online resource (50 pages) |
| 336 ## - CONTENT TYPE |
| Content type term |
text |
| Content type code |
txt |
| Source |
rdacontent |
| 337 ## - MEDIA TYPE |
| Media type term |
computer |
| Media type code |
c |
| Source |
rdamedia |
| 338 ## - CARRIER TYPE |
| Carrier type term |
online resource |
| Carrier type code |
cr |
| Source |
rdacarrier |
| 490 1# - SERIES STATEMENT |
| Series statement |
Scripta humanistica ; |
| Volume/sequential designation |
100. |
| 500 ## - GENERAL NOTE |
| General note |
English, with some Latin and Spanish |
| 504 ## - BIBLIOGRAPHY, ETC. NOTE |
| Bibliography, etc. note |
Includes bibliographical references and index. |
| 505 0# - FORMATTED CONTENTS NOTE |
| Formatted contents note |
Introduction -- Cide Hamete and the critics -- Moors and Christian theology -- Moors and miracles -- Cide Hamete and miracles -- Duels, miracles and the church -- Duels in literature -- Duels and the moors -- Duels and Cide Hamete -- Cide Hamete displaced -- Cide Hamete reinstated -- Cervantes, Cide Hamete, and dueling. |
| 600 10 - SUBJECT ADDED ENTRY--PERSONAL NAME |
| Personal name |
Cervantes Saavedra, Miguel de, |
| Dates associated with a name |
1547-1616. |
| Title of a work |
Don Quixote. |
| 650 #0 - SUBJECT ADDED ENTRY--TOPICAL TERM |
| Topical term or geographic name entry element |
Hamete Benengeli, Cide (Fictitious character). |
| 650 #0 - SUBJECT ADDED ENTRY--TOPICAL TERM |
| Topical term or geographic name entry element |
Muslims in literature. |
| 650 #0 - SUBJECT ADDED ENTRY--TOPICAL TERM |
| Topical term or geographic name entry element |
Islam in literature. |
| 650 #0 - SUBJECT ADDED ENTRY--TOPICAL TERM |
| Topical term or geographic name entry element |
Christianity in literature. |
| 650 #0 - SUBJECT ADDED ENTRY--TOPICAL TERM |
| Topical term or geographic name entry element |
Dueling in literature. |
| 650 #0 - SUBJECT ADDED ENTRY--TOPICAL TERM |
| Topical term or geographic name entry element |
Miracles in literature. |
| 655 #0 - INDEX TERM--GENRE/FORM |
| Genre/form data or focus term |
Electronic books. |
| 791 2# - |
| -- |
Digitalia (Firm), |
| -- |
distributor. |
| 793 0# - |
| -- |
Digitalia eBook Collection: |
| -- |
Scripta Humanistica. |
| 830 #0 - SERIES ADDED ENTRY--UNIFORM TITLE |
| Uniform title |
Scripta Humanistica (Series) ; |
| Volume/sequential designation |
100. |
| 856 40 - ELECTRONIC LOCATION AND ACCESS |
| Materials specified |
Digitalia Hispánica |
| Uniform Resource Identifier |
<a href="https://www.digitaliapublishing.com/a/239/">https://www.digitaliapublishing.com/a/239/</a> |
| 910 ## - USER-OPTION DATA (OCLC) |
| User-option data |
Premium Collection: 2007-2012 |
| 942 ## - ADDED ENTRY ELEMENTS (KOHA) |
| Koha item type |
Recurso Electrónico |